| 000 | 00755nam a2200253Ia 4500 | ||
|---|---|---|---|
| 003 | OSt | ||
| 005 | 20220926005419.0 | ||
| 006 | a|||||r|||| 00| 0 | ||
| 007 | ta | ||
| 008 | 220923b |||||||| |||| 00| 0 eng d | ||
| 037 | _cGeneral Book | ||
| 040 |
_aRTL _cRTL _beng |
||
| 041 |
_2eng _aeng |
||
| 082 | _aY31:7:7.2.N7, L7 | ||
| 100 |
_aSrivastava Uma Kant _9257163 |
||
| 245 | 0 |
_aRural development in action _b The experience of a v |
|
| 260 |
_a New Delhi _bSomaiya Pub _c1977 |
||
| 300 |
_aviii, 205p _ccm. |
||
| 500 | _aAppendix P 154-202 | ||
| 650 | _aCommunity Development | ||
| 700 |
_a George P S _9126306 |
||
| 942 |
_hY31:7:7.2.N7, L7 _cGB _2CC |
||
| 999 |
_c613744 _d613744 |
||